000 00669nam a2200121Ia 4500
008 220615s9999||||xx |||||||||||||| ||und||
245 0 _aRanaviruses: Lethal Pathogens of Ectothermic Vertebrates
546 _aEnglish[eng]
650 _aAnimal Ecology||Environmental Health||Fish & Wildlife Biology & Management||Virology||Freshwater & Marine Ecology||Conservation Biology/Ecology
700 _aGray, Matthew J.||Chinchar, V. Gregory
856 _uhttps://library.oapen.org/bitstream/20.500.12657/27843/1/1002162.pdf||https://library.oapen.org/bitstream/20.500.12657/27843/1/1002162.pdf||https://library.oapen.org/bitstream/20.500.12657/27843/1/1002162.pdf
942 _cEB
999 _c10703
_d10703